Pays ayant un X, Y, Z - Statistiques

Statistiques générales
  • Ce quiz a été pris 3 926 fois
  • Le résultat moyen est 15 sur 27
Statistiques - réponses
Lettre Pays % Correct
Zimbabwe
94%
Yemen
92%
Zambie
92%
Nouvelle-Zélande
79%
Z Azerbaïdjan
60%
Libye
59%
Ouzbékistan
59%
Uruguay
59%
Kazakhstan
58%
Paraguay
58%
X Luxembourg
56%
Mexique
55%
Venezuela
55%
Mozambique
54%
Kirghizistan
53%
Bosnie-Herzégovine
50%
Belize
49%
Égypte
48%
Tanzanie
45%
Kenya
44%
Syrie
44%
Érythrée
41%
Guyana
41%
Royaume-Uni
40%
Y Chypre
39%
Pays-Bas
38%
Seychelles
29%
Aucun quiz correspondant
Distribution des résultats
% des personnes avec chaque résultat
Percentile par nombre de réponses
Votre historique - résultats
Vous n’avez pas pris ce quiz